000 00297nam a22001457a 4500
008 210301b ||||| |||| 00| 0 eng d
020 _a3303955032
041 _aeng
080 _a573
082 _a573
100 _a11
101 _aBIO
245 _aOur Inner Ape
_cWaal. F
942 _2udc
_cBK
999 _c55379
_d55379